К вопросу о пределах насыщения природных вод ионами металлов; Опыт разработки гидрохимических методов поисков рудных месторождений

Dades bibliogràfiques
Parent link:Опыт разработки гидрохимических методов поисков рудных месторождений.— 1959.— С. 40-44
Autor principal: Онуфриенок И. П.
Idioma:rus
Publicat: 1959
Matèries:
Format: MixedMaterials Capítol de llibre
KOHA link:https://koha.lib.tpu.ru/cgi-bin/koha/opac-detail.pl?biblionumber=187844

MARC

LEADER 00000naa2a2200000 4500
001 187844
005 20231031174233.0
035 |a (RuTPU)RU\TPU\book\203831 
035 |a RU\TPU\tpu\2594 
090 |a 187844 
100 |a 20101122d1959 k y0rusy50 ca 
101 0 |a rus 
102 |a RU 
200 1 |a К вопросу о пределах насыщения природных вод ионами металлов  |f И. П. Онуфриенок 
463 0 |0 (RuTPU)RU\TPU\book\203413  |t Опыт разработки гидрохимических методов поисков рудных месторождений  |o сборник статей  |f под ред. А. А. Бродского, В. И. Красникова  |v С. 40-44  |d 1959  |p 104 с. 
610 1 |a геолого-географические науки 
610 1 |a труды учёных ТПУ 
700 1 |a Онуфриенок  |b И. П. 
801 0 |a RU  |b 63413507  |c 20011210  |g PSBO 
801 2 |a RU  |b 63413507  |c 20130416  |g PSBO 
942 |c BK